Les Villes de Catalogne en Images - Statistiques

Statistiques générales
  • Ce quiz a été pris 53 fois
  • Le résultat moyen est 6 sur 18
Statistiques - réponses
Par images Hint Réponse % Correct
B Barcelone
98%
G Gérone
78%
T Tarragone
70%
F Figueras
54%
L Lérida
39%
V Vic
39%
B Badalona
33%
(L) H L'Hospitalet de Llobregat
30%
S Salou
30%
R Reus
26%
S Sabadell
24%
M Mataró
22%
P Palafrugell
20%
T Terrassa
17%
T Tortosa
15%
R Ripoll
7%
M Montblanc
4%
V Valls
4%
Aucun quiz correspondant
Distribution des résultats
% des personnes avec chaque résultat
Percentile par nombre de réponses
Votre historique - résultats
Vous n’avez pas pris ce quiz